[Event "FICGS class E 000134 email"]
[Site "FICGS email"]
[Date "2011.02.12"]
[Round "1"]
[White "Quanter, Kirsty"]
[Black "Vilnius, Sigitas"]
[Result "1-0"]
[WhiteElo "1390"]
[BlackElo "1400"]
[PlyCount "27"]
[EventDate "2011.??.??"]
[EventType "tourn (corr)"]
[EventRounds "6"]
[SourceTitle "Corr 2013"]
[Source "ChessBase"]
[SourceDate "2012.11.12"]
[SourceVersion "1"]
[SourceVersionDate "2012.11.12"]
[SourceQuality "1"]

1. e4 e5 2. d4 exd4 3. Nf3 Nc6 4. Nxd4 Bc5 5. Be3 Qf6 6. c3 Nxd4 7. cxd4 Bb4+ 8. Nc3 b6 9. Rc1 Ne7 10. Bd3 0-0 11. 0-0 d6 12. Qh5 Qg6 13. Qxg6 hxg6 14. Nb5 1-0

[Event "FICGS class E 000134 email"]
[Site "FICGS email"]
[Date "2011.02.12"]
[Round "1"]
[White "Vilnius, Sigitas"]
[Black "Bizet, Patrick"]
[Result "0-1"]
[WhiteElo "1400"]
[BlackElo "1360"]
[PlyCount "28"]
[EventDate "2011.??.??"]
[EventType "tourn (corr)"]
[EventRounds "6"]
[SourceTitle "Corr 2013"]
[Source "ChessBase"]
[SourceDate "2012.11.12"]
[SourceVersion "1"]
[SourceVersionDate "2012.11.12"]
[SourceQuality "1"]

1. e4 c5 2. Nf3 d6 3. Nc3 Nf6 4. d4 cxd4 5. Nxd4 a6 6. Be2 e5 7. Nf5 g6 8. Ne3 Bg7 9. 0-0 0-0 10. Ncd5 Nxd5 11. Nxd5 f5 12. Be3 Nc6 13. Qd2 fxe4 14. Bc4 Kh8 0-1

[Event "FICGS class E 000134 email"]
[Site "FICGS email"]
[Date "2011.02.12"]
[Round "1"]
[White "Vilnius, Sigitas"]
[Black "Budnar, Milos"]
[Result "0-1"]
[WhiteElo "1400"]
[BlackElo "1381"]
[PlyCount "36"]
[EventDate "2011.??.??"]
[EventType "tourn (corr)"]
[EventRounds "6"]
[SourceTitle "Corr 2013"]
[Source "ChessBase"]
[SourceDate "2012.11.12"]
[SourceVersion "1"]
[SourceVersionDate "2012.11.12"]
[SourceQuality "1"]

1. e4 e5 2. Nf3 Nc6 3. Nc3 Nf6 4. Bb5 Bd6 5. 0-0 0-0 6. d3 a6 7. Ba4 b5 8. Bb3 h6 9. Nd5 Nxd5 10. Bxd5 a5 11. Be3 Ra6 12. Nd2 Ne7 13. f4 Nxd5 14. exd5 exf4 15. Bxf4 Bxf4 16. Rxf4 Rf6 17. Qf3 Rxf4 18. Qxf4 d6 0-1

[Event "FICGS class E 000134 email"]
[Site "FICGS email"]
[Date "2011.02.12"]
[Round "1"]
[White "Vilnius, Sigitas"]
[Black "Stoyanov, Zdravko"]
[Result "0-1"]
[WhiteElo "1400"]
[BlackElo "1222"]
[PlyCount "34"]
[EventDate "2011.??.??"]
[EventType "tourn (corr)"]
[EventRounds "6"]
[SourceTitle "Corr 2013"]
[Source "ChessBase"]
[SourceDate "2012.11.12"]
[SourceVersion "1"]
[SourceVersionDate "2012.11.12"]
[SourceQuality "1"]

1. e4 c5 2. Nf3 a6 3. d4 cxd4 4. Nxd4 e5 5. Nf3 d6 6. Bc4 h6 7. 0-0 Nf6 8. Nc3 Be7 9. Be3 0-0 10. Bb3 Nc6 11. Qd2 Be6 12. Bxh6 Ng4 13. Bxg7 Kxg7 14. Nd5 Bxd5 15. Bxd5 Qb6 16. b3 Nb4 17. h3 Nf6 0-1

[Event "FICGS class D 000164 email"]
[Site "FICGS email"]
[Date "2011.02.02"]
[Round "1"]
[White "Vilnius, Sigitas"]
[Black "Piantadosi, Angelo"]
[Result "0-1"]
[WhiteElo "1400"]
[BlackElo "1405"]
[PlyCount "36"]
[EventDate "2011.??.??"]
[EventType "tourn (corr)"]
[EventRounds "5"]
[SourceTitle "Corr 2013"]
[Source "ChessBase"]
[SourceDate "2012.11.12"]
[SourceVersion "1"]
[SourceVersionDate "2012.11.12"]
[SourceQuality "1"]

1. e4 e6 2. d4 d5 3. exd5 exd5 4. Nc3 c6 5. Nf3 Bd6 6. Bd3 Ne7 7. 0-0 0-0 8. Ne5 Bxe5 9. dxe5 Ng6 10. f4 f6 11. f5 Nxe5 12. Be2 Qb6+ 13. Kh1 Nbd7 14. Bf4 Qxb2 15. Qd2 Nb6 16. Rfb1 Qa3 17. Rb3 Qe7 18. Bxe5 Qxe5 0-1